| 000 | 00882nas a2200289 4500 | ||
|---|---|---|---|
| 001 | BR2014000391 | ||
| 003 | BR-BrBNA | ||
| 005 | 20231205123611.0 | ||
| 007 | ta | ||
| 008 | 230509b bl.|||p| |||| 00| 00por d | ||
| 040 |
_aBR-BrBNA _bpor _cBiblioteca Nacional de Agricultura |
||
| 041 | _a(Pt) | ||
| 072 | _aM12 | ||
| 100 | 1 | _aBergamin, G.T. | |
| 100 | 1 | _aVeiverberg, C.A. | |
| 100 | 1 | _aSiqueira, L.V. | |
| 100 | 1 | _aEggers, D.P. | |
| 100 | 1 | _aRadünz Neto, J. | |
| 245 | 1 | _aDigestibilidade aparente de farelos vegetais tratados para remoção de antinutrientes em dietas de Jundiá | |
| 650 | _aBAGRE | ||
| 650 | _aDIGESTIBILIDADE | ||
| 650 | _aDIETA | ||
| 650 | _aFARELO | ||
| 773 | 0 |
_tPesquisa Agropecuária Brasileira (Brazil) _xISSN 0100-204X _g(Aug 2013), v. 48(8) p. 928-934 _wBR2014000391 |
|
| 909 |
_a202311 _bLúcia _c55 _dLúcia Elande |
||
| 942 |
_2AGRIS _n0 _cANA |
||
| 999 |
_c234720 _d234720 |
||